000 01540nam a2200289 a 4500
001 BRCA_3171
005 20190320204139.0
008 130209s1734----gw-#---###---#000-0#ger-u
041 _ager
044 _agw
084 _a267
_b.F75
_c1734
100 1 _aCervantes Saavedra, Miguel de
_d1547-1616
_9213
245 1 0 _aDes beruhmten Ritters Don Quixote von Mancha
_blustige und sinnreiche geschichte
_cabsgefasset von Miguel de Cervantes Saavedra.
260 _aLeipzig
_bGaspar Fritsch
_c1734
300 _a826 p.
_c18 cm.
500 _aContenido : Primera parte. Prólogo del autor. Prefacio del traductor. Texto. Segunda parte. Texto
500 _aTraducción almana, anónima, hecha sobre la francesa de Filleau de Saint-Martin, pero difiere de ésta en que lleva el capítulo 74, con el cual Cervantes terminó su obra y que fue suprimido por el traductor francés, para dar entrada a su desatinada continuación. Va precedida de un prólogo, en el que el traductor hace un estudio crítico-bibliográfico del Quijote y los libros de caballería, y da noticia sobre la vida de Cervantes. La parte tipográfica es buena Lúdovik Osterc
500 _aQM496
546 _aTexto en : alemán
650 1 4 _aNovela española
_yÉpoca clásica, 1500-1700
_9215
650 1 4 _aLiteratura española
_yÉpoca clásica, 1500-1700
_9216
650 1 4 _aNovela española
_ySiglo XVII
_9217
650 1 4 _aDon Quijote (Personaje ficticio)
_eNovela
_9218
740 0 _aEl Ingenioso Hidalgo Don Quijote de la Mancha
902 _aQFM
942 _2lcc
_cB
999 _c2907
_d2907